Normal view
MARC view
Entry Personal Name
001 - CONTROL NUMBER
- control field: 51152
003 - CONTROL NUMBER IDENTIFIER
- control field: ARRUPE
005 - DATE AND TIME OF LATEST TRANSACTION
- control field: 20220404085003.0
008 - FIXED-LENGTH DATA ELEMENTS
- fixed length control field: 220404|| aca||aabn | a|a d
040 ## - CATALOGING SOURCE
- Original cataloging agency: ARRUPE
- Transcribing agency: ARRUPE
100 ## - HEADING--PERSONAL NAME
- Personal name: Mwamba, Tchafu,
- Titles and other words associated with a name: 1963-
670 ## - SOURCE DATA FOUND
- Source citation: Work cat.: (ARRUPE)131213: Mwamba, Tchafu, 1963-, Michael Polanyi's philosophy of science /, c2001.